000 00515nam a22001697a 4500
003 OSt
008 260417b |||||||| |||| 00| 0 eng d
082 _a581.2326
_bS48S
100 _aSingh, Shyam Bihari
245 _aStudies on Biochemical basis of Resistance/Susceptibility to Anthracnose Disease of Betelvine (Piper betle L.)
260 _aPusa, Samastipur
_bRAU, Samastipur, Plant Pathology
_c2001
300 _a50P.
502 _bMsc.
_d2001
650 _aPlant Pathology
650 _aMsc.
942 _2ddc
_cT
999 _c50075
_d50075